000 01319nmm a2200361 a 4500
001 ocm0001916849
003 TR-IsHL
005 20201028172903.0
008 180714s2016 tu tur
007 cr cn
020 _a9786053222859
035 _a1916849
_b(N$T)
050 0 4 _aBF637.S4
_bB5719 2016
090 0 4 _aBF637.S4
_bB5719 2016
100 1 _aBirsel, Ayşe
245 1 0 _aSevdiğiniz yaşamı tasarlayın :
_badım adım anlamlı bir gelecek yaratma rehberi
_h[electronic resource] /
_cAyşe Birsel ; yayına hazırlayan Utku Umut Bulsun
260 _aİstanbul :
_bOptimist Yayım Dağıtım,
_c2016
300 _a255 p.
500 _aÖzgün yapıt adı : Design the life you love
_x
650 4 _aFelsefe, Psikoloji ve Din
650 4 _aPhilosophy, Psychology and Religion
650 0 _aÖzyapabilirlik (Psikoloji)
650 0 _aSelf-actualization (Psychology)
650 0 _aYaratıcılık yeteneği
650 0 _aCreative ability
650 0 _aGüdüleme (Psikoloji)
650 0 _aMotivation (Psychology)
650 0 _aYaratıcı düşünce
650 0 _aCreative thinking
650 7 _aSELF-HELP / Personal Growth / General
_2bisacsh
700 1 _aBulsun, Utku Umut
856 4 0 _uhttp://search.ebscohost.com/login.aspx?direct=true&scope=site&db=e011xww&AN=1916849
999 _c17425
_d17425